000
00330 a2200157 4500
001
174497
020
_a
85-08-11353-8
040
_c
Magnum
100
_a
Junqueira, Sonia
240
1
0
_a
O menino e o muro
_l
por
245
1
0
_a
O menino e o muro
300
_a
24
362
0
_a
2007
697
_a
LITERATURA INFANTIL
942
_c
BK
999
_c
174497
_d
174497